Scripta Facultatis scientiarum naturalium Universitatis Masarykianae Brunensis computer science and applied mathematics

Bibliographic Details
Format: Serial
Language:Slovak
Published: Brno Masaryk Univrsity 1994
ISBN:8021008911

MARC

LEADER 00000nas a2200000 a 4500
001 vtls001313932
003 SK-MaSNL
005 20260221112354.0
008 240130sm y0slocxr 0 slo c
020 |a 8021008911  |c [39,00] 
035 |a SNK000266362 
040 |a SNK  |b slo  |c SNK  |e AACR2 
044 |a xr  |c CZ 
245 1 |a Scripta Facultatis scientiarum naturalium Universitatis Masarykianae Brunensis  |b computer science and applied mathematics 
260 |a Brno  |b Masaryk Univrsity  |c 1994 
362 1 |a Vol. 23/1993 
850 |a Slovenská národná knižnica v Martine 
919 |a 80-210-0891-1 
999 |c 108  |d 2038 
952 |0 0  |1 1  |4 0  |7 0  |a SNK  |b SNK  |d 1997-12-09  |i snkV 2890/97  |l 0  |o snkČC 3180/A/23.1993  |p 17A0112195  |r 2005-01-02 00:00:00  |t P60, <06>, [BOOK], {606}  |w 2026-02-21  |y PREZ